The Law reports Exchequer Division 1877 - 80 Vol. 3 - 5 / (Record no. 1709)
[ view plain ]
| 000 -LEADER | |
|---|---|
| fixed length control field | 02845cas a2200529 a 4500 |
| 001 - CONTROL NUMBER | |
| control field | 11468004 |
| 003 - CONTROL NUMBER IDENTIFIER | |
| control field | OSt |
| 005 - DATE AND TIME OF LATEST TRANSACTION | |
| control field | 20110510113312.0 |
| 008 - FIXED-LENGTH DATA ELEMENTS--GENERAL INFORMATION | |
| fixed length control field | 770217d18761880enkar w 0 a0eng d |
| 010 ## - LIBRARY OF CONGRESS CONTROL NUMBER | |
| LC control number | 96644940 |
| Canceled/invalid LC control number | sn 87044187 |
| 016 7# - NATIONAL BIBLIOGRAPHIC AGENCY CONTROL NUMBER | |
| Record control number | 214821-3 |
| Source | DE-600 |
| 020 ## - INTERNATIONAL STANDARD BOOK NUMBER | |
| International Standard Book Number | 0406091358 |
| 035 ## - SYSTEM CONTROL NUMBER | |
| System control number | (OCoLC)ocm02746169 |
| 040 ## - CATALOGING SOURCE | |
| Original cataloging agency | NIC |
| Transcribing agency | NIC |
| Modifying agency | OCoLC |
| -- | MH |
| -- | NST |
| -- | DLC |
| -- | NLGGC |
| -- | DEBBG |
| -- | WaPS |
| 042 ## - AUTHENTICATION CODE | |
| Authentication code | lc |
| 043 ## - GEOGRAPHIC AREA CODE | |
| Geographic area code | e-uk--- |
| 050 00 - LIBRARY OF CONGRESS CALL NUMBER | |
| Classification number | KD277.6 |
| Item number | .L39 |
| 082 ## - DEWEY DECIMAL CLASSIFICATION NUMBER | |
| Edition number | 22 |
| Classification number | 348.041 LAW |
| 245 04 - TITLE STATEMENT | |
| Title | The Law reports Exchequer Division 1877 - 80 Vol. 3 - 5 / |
| 260 ## - PUBLICATION, DISTRIBUTION, ETC. (IMPRINT) | |
| Place of publication, distribution, etc | London : |
| Name of publisher, distributor, etc | Printed for the Incorporated Council of Law Reporting for England and Wales by W. Clowes and Sons, |
| Date of publication, distribution, etc | 1973 |
| 300 ## - PHYSICAL DESCRIPTION | |
| Extent | 5 v. ; |
| Dimensions | 25 cm. |
| 310 ## - CURRENT PUBLICATION FREQUENCY | |
| Current publication frequency | Annual |
| 362 0# - DATES OF PUBLICATION AND/OR SEQUENTIAL DESIGNATION | |
| Dates of publication and/or sequential designation | Vol. 1 (from Michaelmas sittings, 1875, to Trinity sittings, 1876)-v. 5 (from Michaelmas sittings, 1879, to Trinity sittings, 1880). |
| 500 ## - GENERAL NOTE | |
| General note | Edited by James Redfoord Bulwer. |
| 500 ## - GENERAL NOTE | |
| General note | Reported by James Moorsom and Alexander Mortimer, and in the Court of Appeal by Henry Holroyd and John Edward Hall. |
| 515 ## - NUMBERING PECULIARITIES NOTE | |
| Numbering peculiarities note | Vols. for 1875/76-1879/80 also designated as: 39th-43rd Victoria. |
| 580 ## - LINKING ENTRY COMPLEXITY NOTE | |
| Linking entry complexity note | Merged with: Law reports. Common Pleas Division; and, Law reports. Queen's Bench Division; to become, Law reports. Cases determined by the Queen's Bench Division and by the Common Pleas and Exchequer divisions of the High Court of Justice, and by the Court of Appeal on appeal therefrom, and by the Court for Crown Cases Reserved. |
| 590 ## - LOCAL NOTE (RLIN) | |
| Local note | SERBIB/SERLOC merged record |
| 650 #0 - SUBJECT ADDED ENTRY--TOPICAL TERM | |
| Topical term or geographic name as entry element | Law reports, digests, etc. |
| Geographic subdivision | Great Britain. |
| 9 (RLIN) | 3788 |
| 650 17 - SUBJECT ADDED ENTRY--TOPICAL TERM | |
| Topical term or geographic name as entry element | Belastingrecht. |
| Source of heading or term | gtt |
| 9 (RLIN) | 3789 |
| 700 1# - ADDED ENTRY--PERSONAL NAME | |
| Personal name | Bulwer, James Redfoord. |
| 9 (RLIN) | 3472 |
| 700 1# - ADDED ENTRY--PERSONAL NAME | |
| Personal name | Moorsom, James M. |
| 9 (RLIN) | 3790 |
| 700 1# - ADDED ENTRY--PERSONAL NAME | |
| Personal name | Mortimer, Alexander. |
| 9 (RLIN) | 3791 |
| 700 1# - ADDED ENTRY--PERSONAL NAME | |
| Personal name | Holroyd, Henry. |
| 9 (RLIN) | 3792 |
| 700 1# - ADDED ENTRY--PERSONAL NAME | |
| Personal name | Hall, John Edward. |
| 9 (RLIN) | 3793 |
| 710 1# - ADDED ENTRY--CORPORATE NAME | |
| Corporate name or jurisdiction name as entry element | Great Britain. |
| Subordinate unit | Court of Appeal. |
| 9 (RLIN) | 3794 |
| 710 2# - ADDED ENTRY--CORPORATE NAME | |
| Corporate name or jurisdiction name as entry element | Incorporated Council of Law Reporting for England and Wales. |
| 9 (RLIN) | 2564 |
| 710 1# - ADDED ENTRY--CORPORATE NAME | |
| Corporate name or jurisdiction name as entry element | Great Britain. |
| Subordinate unit | High Court of Justice. |
| -- | Exchequer Division. |
| 9 (RLIN) | 3795 |
| 780 00 - PRECEDING ENTRY | |
| Title | Law reports. Court of Exchequer |
| Record control number | (DLC) 96644939 |
| -- | (OCoLC)2746091 |
| 785 17 - SUCCEEDING ENTRY | |
| Title | Law reports. Common Pleas Division |
| Record control number | (DLC) 96644938 |
| -- | (OCoLC)2746307 |
| 785 17 - SUCCEEDING ENTRY | |
| Title | Law reports. Queen's Bench Division |
| Record control number | (DLC) 96644933 |
| -- | (OCoLC)2746335 |
| 785 17 - SUCCEEDING ENTRY | |
| Title | Law reports. Cases determined by the Queen's Bench Division and by the Common Pleas and Exchequer divisions of the High Court of Justice, and by the Court of Appeal on appeal therefrom, and by the Court for Crown Cases Reserved |
| Record control number | (DLC) 96644934 |
| -- | (OCoLC)2746383 |
| 906 ## - LOCAL DATA ELEMENT F, LDF (RLIN) | |
| a | 7 |
| b | par |
| c | serials |
| d | u |
| e | ncip |
| f | 19 |
| g | n-oclcserc |
| 942 ## - ADDED ENTRY ELEMENTS (KOHA) | |
| Source of classification or shelving scheme | Dewey Decimal Classification |
| Koha item type | Books |
| Withdrawn status | Lost status | Source of classification or shelving scheme | Damaged status | Not for loan | Home library | Current library | Shelving location | Date acquired | Total Checkouts | Full call number | Barcode | Date last seen | Price effective from | Koha item type |
|---|---|---|---|---|---|---|---|---|---|---|---|---|---|---|
| Dewey Decimal Classification | Law Development Centre Main Library | Law Development Centre Main Library | Law Reports | 05/10/2011 | 348.041 LAW | 2011/986 | 05/10/2011 | 05/10/2011 | Law Reports |
